000 002880000a22000970004500
773 0 _tIglesia y Misión
100 1 _aOGorman, Frances
245 1 0 _aLa finción del agente de salud integral : Puntos de discusión
300 _aVol. 11, Num 1 (Enero-Marzo, 1992) Páginas 14-16
942 _cANA
999 _c51948
_d51948